000 00676nam a2200277Ia 4500
005 20260324150831.0
008 008 260324s9999 xx 000 0 eng d
020 _a9780429059650
037 _aEBOOK
040 _aCRL
040 _beng
040 _cCRL
041 _2eng
041 _aeng
084 _qCRL
100 _aAbraham Wolf
_91227645
245 2 _aA History of Science Technology and Philosophy in the 16 and 17th Centuries
260 _bTaylor and Francis
260 _c1935
365 _a
365 _b350
856 _uhttp://www.taylorfrancis.com/books/9780429059650
942 _cEBOOK
999 _c1837927
_d1837927